La ferme des fatals picards - Statistiques

Statistiques générales
  • Ce quiz a été pris 176 fois
  • Le résultat moyen est 88 sur 177
Statistiques - réponses
Animal (ou chose) Prénom (ou Surnom) % Correct
Alligator | Castor Hector
93%
Abeille Mireille
88%
Escargot Léo
87%
Frelon Léon
82%
Marmotte Charlotte
81%
(Bernard) l'Hermite | Balbuzard | Oiseau Bernard
80%
Canard Edouard
72%
Nasique | Porc-Epic Eric
72%
Sanglier José
71%
Galinette Cendrée Dédé
64%
Souris Julie
64%
koala Nicolas
64%
Chacal Pascal
64%
Cougar Edgar
63%
Cabillaud Théo
62%
Bactérie Noémie
61%
Canari Sophie
61%
Mouette Ginette
58%
Orang-Outan Laurent
58%
Lombric Loic
57%
Basilic Loïc
57%
Salamandre Alexandre
56%
Grizzly Louis
56%
Zébu Lulu
56%
Bulot Mario
56%
Hareng Yvan
56%
Coccinelle Isabelle
55%
Blatte Agathe
54%
Chameau Arnaud
54%
Araignée Chloé
54%
Porc Fédor
54%
Espadon Manon
54%
Poisson-Scie Rocky
54%
Gorille Camille
53%
Dalmatien Julien
53%
Gros Con Raymond
53%
Fourmilier René
53%
Colin Colin
52%
Bousier Hervé
52%
Anémone Anémone
51%
Renard Polaire Claire
51%
Bourdon Didier
51%
Lémurien Firmin
51%
Ver à Soie François
51%
Hyène Le Pen
51%
Pomme de pin Quentin
51%
Banane Anne
49%
Mygale | Narval Chantal
49%
Requin Damien
49%
Orignial Jean-Pascal
49%
Homard Omar
49%
Blaireau Tonio
49%
Diable de Tasmanie Virginie
49%
Saumon Yvon
49%
Onyx Alix
48%
Fou de Bassant Bertrand
48%
Cochon Salomon
48%
Okapi Aurélie
47%
Pitbull Raoul
47%
Pangolin Alain
46%
Mauvais Acteur Francis Huster
46%
Chasseur Gunter
46%
Asticot Hugo
46%
Vachette Laurette
46%
Lieu Mathieu
46%
Flamand Rose Rose
46%
Mite | Trilobite Edith
45%
Hermine | Hirondelle Muriel
45%
Fox Terrier Olivier
45%
Italien Sergio
45%
Zibeline Aline
44%
Bouc Anouk
44%
Elephant Armand
44%
Silure Arthur
44%
Mandrill Cécile
44%
Barbare Conan
44%
Flétan Gaëtan
44%
Caïman Vincent
44%
Cocker | Panthère Hubert
43%
Loup Le Loup
43%
Marte Marthe
43%
Moule Abdoul
42%
Poisson Alban
42%
Otarie Alexis
42%
Ecureuil Caisse d'Epargne
42%
Plancton Edmond
42%
Dauphin Flipper
42%
Butor Flore
42%
Carpe Jean-Marc
42%
Hérisson Marion
42%
Manchot Pierrot
42%
Raton Riton
42%
Drosophile Théophile
42%
Belette Yvette
42%
Ânesse Agnès
40%
Lamantin Augustin
40%
Scarabée Barnabé
40%
Aoûtat Béa
40%
Fourmi Coralie
40%
Boa Dona
40%
Tapir Idir
40%
Puma Loana
40%
Kangourou Loulou
40%
Acarien Maximilien
40%
Bigorneau Nono
40%
Girafe Olaf
40%
Méduse Suze
40%
Coati Sylvie
40%
Bretel Annabelle
39%
Cygne Géraldine
39%
Dromadaire | Phacochère Herbert
39%
Murène Irène
39%
Scorpion Michael Schenker
39%
Limande Yolande
39%
Levrette Arlette
38%
Albatros Carlos
38%
Oustiti Annie
37%
Canard Donald
37%
Ours Polaire Norbert
37%
Springbok Samantha Fox
37%
Anaconda Véronica
37%
Bélier Aglaé
36%
Tourterelle Angèle
36%
Crevette Annette
36%
Sauterelle Fidelle
36%
microseb Jean-Seb
36%
Lézard Richard
36%
petit Lapin Albin
35%
Esturgeon Ninon
35%
Corbeau Paulo
35%
Bison Samson
35%
Chouette Babette
34%
petit Âne Esteban
34%
Hibou Milou
34%
Limace Gildas
30%
Protozoaire Bérengère
29%
Portugais (porc tout gai) Anicé
28%
Dorade Conrad
27%
Scolopendre Fernande
26%
Sardine Cindy
25%
Phoque Roch
24%
Génisse Borris
19%
Mouche Tsé-Tsé Felipe
19%
Aucun quiz correspondant
Distribution des résultats
% des personnes avec chaque résultat
Percentile par nombre de réponses
Votre historique - résultats
Vous n’avez pas pris ce quiz